Le livre du problème
Salvato in:
| Ente Autore: | |
|---|---|
| Natura: | Libro |
| Lingua: | francese |
| Pubblicazione: |
París
Cidec
1974
|
| Serie: | Collection Formation des Maitres en Mathématique
|
| Soggetti: | |
| Tags: |
Aggiungi Tag
Nessun Tag, puoi essere il primo ad aggiungerne!!
|
MARC
| LEADER | 00000nam a2200000 a 4500 | ||
|---|---|---|---|
| 001 | UCQ8306 | ||
| 003 | CL-VaPUC | ||
| 008 | 981209e19740000FR |||||||||||||||||fre|d | ||
| 082 | 0 | 4 | |a 510.7 |b UNI |2 21 |
| 110 | 2 | |a Université Louis Pasteur |e author |9 422202 | |
| 245 | 1 | 3 | |a Le livre du problème |
| 300 | |a 6 v | ||
| 942 | |c BK | ||
| 945 | |d 19981209 00:00:00 |a crobeson | ||
| 260 | |a París |b Cidec |c 1974 | ||
| 500 | |a v.1: Pédagogie de l'exercice du problème | ||
| 500 | |a v.2: exercicesélémentaires de géométrie affine | ||
| 500 | |a v.3: La parité | ||
| 500 | |a v.4: la convexité | ||
| 500 | |a v.5: Le calcul barycentrique | ||
| 500 | |a v.6: Geómetrie d'incidence | ||
| 650 | 0 | |a Matemática |9 260235 | |
| 650 | 0 | |a Formación de profesores |9 338945 | |
| 650 | 0 | |a Ejercicios |9 269807 | |
| 650 | 7 | |a PROBLEMAS |2 CL-VaPUC |9 269806 | |
| 650 | 0 | |a Topología |9 260092 | |
| 650 | 0 | |a Cálculo |9 260234 | |
| 650 | 0 | |a Geometría |9 264063 | |
| 650 | 0 | |a Matemáticas |x Enseñanza |9 875527 | |
| 583 | |a last modification |c 19981209 00:00:00 |k Rodrigo Vera | ||
| 490 | 0 | |a Collection Formation des Maitres en Mathématique | |
| 999 | |c 277591 |d 277589 | ||
| 952 | |0 0 |1 0 |4 0 |6 510_700000000000000_UNI_1974 |7 0 |8 A |9 315605 |a BIBMAT |b BIBMAT |c E_DIDACT |d 2019-11-20 |h v.4 |i 1300881 |o 510.7 UNI 1974 |p 1300881 |r 2025-01-07 |w 2019-11-20 |y BK |k MAT | ||
| 952 | |0 0 |1 0 |4 0 |6 510_700000000000000_UNI_1974 |7 0 |8 A |9 315606 |a BIBMAT |b BIBMAT |c E_DIDACT |d 2019-11-20 |h v.4 |i 1300903 |o 510.7 UNI 1974 |p 1300903 |r 2025-01-07 |w 2019-11-20 |y BK |k MAT | ||
| 952 | |0 0 |1 0 |4 0 |6 510_700000000000000_UNI_1974 |7 0 |8 A |9 315607 |a BIBMAT |b BIBMAT |c E_DIDACT |d 2019-11-20 |h v.5 |i 1300911 |o 510.7 UNI 1974 |p 1300911 |r 2025-01-07 |w 2019-11-20 |y BK |k MAT | ||
| 952 | |0 0 |1 0 |4 0 |6 510_700000000000000_UNI_1974 |7 0 |8 A |9 315608 |a BIBMAT |b BIBMAT |c E_DIDACT |d 2019-11-20 |h v.6 |i 130092K |o 510.7 UNI 1974 |p 130092K |r 2025-01-07 |w 2019-11-20 |y BK |k MAT | ||